000
00216 a2200109 4500
020
_a
9780892391080
041
_a
spa
100
_a
Garza, Carmen Lomas
245
_a
Cuadros de Familias
942
_c
BK
952
_7
1
999
_c
20488
_d
20488